000 00262nam a2200109Ia 4500
005 20251222140102.0
008 251222s1900||||xx |||||||||||||| ||spa||
082 _a234.99/C76/T.I/Ej.2
245 0 _aMisión Histórica del Laicado:
264 _bCELAM
942 _cLIB
999 _c3965
_d3965